000 00305nam a2200133Ia 4500
008 241014s9999||||xx |||||||||||||| ||und||
020 _a1996
100 _a"Guyton,Arthur C."
245 0 _aT/B of Medical Physicology
250 _a9th
260 _cSaunders
650 _aPharmaceutics
942 _bDCOP
_cBK
999 _c4795
_d4795